00926naa#a2200157#i#4500001001500000005001700015100004100032102000700073200026300080210021400343215001000557608006000567675007200627700005200699856001700751RU\\bibl\2016020260629075850.1##a20260625b2026####ek#y0rusy0150####ca##aRU1#aИспользование технологий искусственного интеллекта в образовательном процессе по профилю обучения «Логистика»eСтатья/тезисы конференции1#aСанкт-ПетербургcФГБОУ ВО "Петербургский государственный университет путей сообщения Императора Александра I"d2026##a6 с.##aСтатья/тезисы конференции2local##aОбработка и создание документов. 004.91#1aЮдниковаgЕлена Сергеевна4#aatjournal.ru